000 00330nam a22001337a 4500
008 250304b |||||||| |||| 00| 0 eng d
020 _a9789382226871
050 _aHD 87
_b.A33
100 _aAdams H. Dante
245 _aGlobalization and Economic Development
260 _aNew Delhi
_bIndia
_c2013
300 _a302p.
942 _cBK
999 _c2072
_d2072